000 00651cam a2200241 a 4500
001 1407074
005 20180123042046.0
008 840605s1984 mdu b 001 0 eng
010 _a 83022184
020 _a0801830222
020 _a0801830389 (pbk.)
040 _aDLC
_cDLC
_dDLC
041 _aeng
043 _an-us---
080 _a338..060973 sar
082 0 0 _a338..060973 sar
_219
100 1 _a20
101 _apol
245 1 0 _aProductivity--problems, prospects, and policies /
_cSar A. Levitan, Diane Werneke.
504 _aBibliography: p. 115-122.
906 _a7
_bcbc
_corignew
_d1
_eocip
_f19
_gy-gencatlg
942 _2ddc
_cBK
999 _c40737
_d40737